00400nam a22001457a 450000500170000000800410001704100130005808200130007110000130008424500300009725000190012726000570014630000250020365000260022820240621115242.0240621b |||||||| |||| 00| 0 eng d aEnglish  a349 HAL  lEnglish  aHalbury's Laws of England aThird Edition  aLondon: bButterworth and Co. Publishers Ltd, c1960 b471 pages; c25 cm.  aLegal practice bLaw